Probabilty and Statistics with Reliability queuing and (Record no. 176979)
[ view plain ]
| 000 -LEADER | |
|---|---|
| fixed length control field | 00904 a2200193 4500 |
| 003 - CONTROL NUMBER IDENTIFIER | |
| control field | Nust |
| 005 - DATE AND TIME OF LATEST TRANSACTION | |
| control field | 20221129135128.0 |
| 020 ## - INTERNATIONAL STANDARD BOOK NUMBER | |
| International Standard Book Number | 9814126047 |
| 040 ## - CATALOGING SOURCE | |
| Transcribing agency | Nust |
| 082 ## - DEWEY DECIMAL CLASSIFICATION NUMBER | |
| Classification number | 519.2, TRI |
| 100 ## - MAIN ENTRY--PERSONAL NAME | |
| Personal name | Trivedi,Shrridharbhai |
| 9 (RLIN) | 103774 |
| 245 ## - TITLE STATEMENT | |
| Title | Probabilty and Statistics with Reliability queuing and |
| Remainder of title | Compter Science Applications |
| Statement of responsibility, etc. | Shrridharbhai,Trivedi |
| 250 ## - EDITION STATEMENT | |
| Edition statement | 2 nd ed |
| 260 ## - PUBLICATION, DISTRIBUTION, ETC. | |
| Place of publication, distribution, etc. | NY |
| Name of publisher, distributor, etc. | wiley |
| Date of publication, distribution, etc. | 2002 |
| 300 ## - PHYSICAL DESCRIPTION | |
| Extent | 819p |
| 505 ## - FORMATTED CONTENTS NOTE | |
| Formatted contents note | Introduction (Page-1), Discrete Random Variables (Page-61), Continuous Random Variables (Page-115), Expectation (Page-193), Conditional Distribution and Expectation (Page-247), Stochastic Processes (Page-289), Discrete time Markov Chains (Page-337), Continuous Time Markov Chains (Page-405), Networks of Queues (Page-555), Statistical Inference (Page-637), Regression and Analysis of Variance (Page-727), |
| 650 ## - SUBJECT ADDED ENTRY--TOPICAL TERM | |
| Topical term or geographic name entry element | Computer Science |
| 942 ## - ADDED ENTRY ELEMENTS (KOHA) | |
| Source of classification or shelving scheme | |
| Koha item type | Book |
| Withdrawn status | Lost status | Source of classification or shelving scheme | Damaged status | Not for loan | Permanent Location | Current Location | Shelving location | Date acquired | Full call number | Barcode | Date last seen | Price effective from | Koha item type | Public note |
|---|---|---|---|---|---|---|---|---|---|---|---|---|---|---|
| Military College of Signals (MCS) | Military College of Signals (MCS) | General Stacks | 12/12/2016 | 519.2, TRI | MCS30797 | 12/08/2016 | 12/12/2016 | Book | Almirah No.14, Shelf No.3 | |||||
| Military College of Signals (MCS) | Military College of Signals (MCS) | General Stacks | 12/12/2016 | 519.2, TRI | MCS32406 | 12/08/2016 | 12/12/2016 | Book | Almirah No.14, Shelf No.3 |
